Bandiere con gravità #2 - Statistics

Statistiche generali
  • Questo quiz è stato fatto 63 volte
  • Il punteggio medio è 14 su 16
Statistiche sulle risposte
con Immagini Risposta % Corretto
Kosovo
100%
Australia
98%
Turchia
98%
Panama
97%
Angola
95%
Bosnia Erzegovina
93%
Corea del Nord
93%
Barbados
92%
Lesotho
90%
Figi
88%
Libia
86%
Belize
81%
Nauru
80%
Turkmenistan
80%
Taiwan
78%
Isole Salomone
75%
Nessun quiz corrispondente trovato
Distribuzione punteggi
Percentuale di utenti per punteggio
Percentile per numero di risposta
I tuoi punteggi nel tempo
Non hai fatto questo quiz